Reinforced concrete structures, Vol 2 / (Record no. 13246)
[ view plain ]
| 000 -LEADER | |
|---|---|
| fixed length control field | 00452cam a2200169ua 4500 |
| 003 - CONTROL NUMBER IDENTIFIER | |
| control field | OSt |
| 008 - FIXED-LENGTH DATA ELEMENTS--GENERAL INFORMATION | |
| fixed length control field | 250707b |||||||| |||| 00| 0 eng d |
| 020 ## - INTERNATIONAL STANDARD BOOK NUMBER | |
| ISBN | 9788131806661 |
| 082 ## - DEWEY DECIMAL CLASSIFICATION NUMBER | |
| Classification number | 624.18341 |
| Item number | PUN/RE |
| 100 ## - MAIN ENTRY--AUTHOR NAME | |
| Personal name | Punmia, B C. |
| 245 ## - TITLE STATEMENT | |
| Title | Reinforced concrete structures, Vol 2 / |
| 260 ## - PUBLICATION, DISTRIBUTION, ETC. (IMPRINT) | |
| Place of publication | New Delhi : |
| Name of publisher | Laxmi publications , |
| Year of publication | 2008. |
| 300 ## - PHYSICAL DESCRIPTION | |
| Number of Pages | 1143 ; . |
| 700 1# - ADDED ENTRY--PERSONAL NAME | |
| Personal name | Jain, Arun K . |
| 700 1# - ADDED ENTRY--PERSONAL NAME | |
| Personal name | Jain, Ashok K . |
| 942 ## - ADDED ENTRY ELEMENTS (KOHA) | |
| Koha item type | Books |
| Withdrawn status | Lost status | Damaged status | Home library | Current library | Date acquired | Full call number | Accession Number | Koha item type | Collection code | Shelving location | Source of acquisition | Cost, normal purchase price |
|---|---|---|---|---|---|---|---|---|---|---|---|---|
| KAUAET | KAUAET | 07/04/2012 | 624.18341 PUN/RE | 21797 | Books | |||||||
| KAUAET | KAUAET | 31/03/2012 | 624.18341 PUN/RE | 22712 | Books | Non-fiction | General Stacks | Penta Book Distributors, Calicut | 375.00 | |||
| KAUAET | KAUAET | 30/03/2013 | 624.18341 PUN/RE | 24107 | Books | Non-fiction | General Stacks | Aman Book Stall, Calicut |
